Business logistics management : planning, organizing and controlling the supply chain

Αποθηκεύτηκε σε:
Λεπτομέρειες βιβλιογραφικής εγγραφής
Κύριος συγγραφέας: Ballou, Ronald H., 1937-
Μορφή: Βιβλίο
Γλώσσα:English
Δημοσίευση: Upper Saddle River, NJ : Prentice-Hall, c1999
Έκδοση:4th ed.
Θέματα:
Ετικέτες: Προσθήκη ετικέτας
Δεν υπάρχουν, Καταχωρήστε ετικέτα πρώτοι!

MARC

LEADER 00000cam a2200000 i 4500
001 1/99971
008 000128s1999 eng d
020 |a 0-13-081262-5 (cdrom) 
020 |a 0-13-082753-3 
035 |l 10057092 
040 |a GR-MY-UA  |b gre  |e aacr 
041 0 |a eng 
082 0 |a 658.78 
100 1 |a Ballou, Ronald H.,   |d 1937- 
245 1 0 |a Business logistics management :  |b planning, organizing and controlling the supply chain /  |c Ronald H. Ballou 
250 |a 4th ed. 
260 |a Upper Saddle River, NJ :   |b Prentice-Hall,   |c c1999 
300 |a xiv, 682 σ.  |e 1 οπτική δισκέτα λέιζερ Η/Υ (4 3/4 ίν.) 
504 |a Περιλαμβάνει βιβλιογραφία και ευρετήριο 
650 0 0 |a Business logistics. 
852 |a INST  |b CHIOS  |e 20010305  |h 658.78 BAL  |p 005200016977  |q 005200016977  |t BK  |y 0 
852 |a INST  |b CHIOS  |e 20000128  |h 658.78 BAL  |p 005200019048  |q 005200019048  |t BK  |y 0 
852 |a INST  |b CHIOS  |e 20010305  |h 658.78 BAL   |p 005200021403  |q 005200021403  |t BK  |y 0 
852 |a INST  |b CHIOS  |e 20000202  |h 658.78 BAL   |p 005200023036  |q 005200023036  |t BK  |y 0 
901 |a BIBL2-2000-1 
901 |a BIBL2-2001-1 
909 |a Χ  |b 072551 
909 |a Χ  |b 072552 
909 |a Χ  |b 076221 
909 |a Χ  |b 083544 
922 |a 2ΕΛΗ  |b 199912  |c ΤΝΕΥ  |d Παπασωτηρίου 
950 |a 125-1999-10-12 
970 |a Σπέντζα  |b Ελένη  |z 2000/02/02